Stochastic optimal control: the discrete time case
Guardat en:
| Autors principals: | , |
|---|---|
| Format: | Llibre |
| Idioma: | anglès |
| Publicat: |
Nueva York
Academic Press
1978
|
| Col·lecció: | Mathematics in Science and Engineering, 139
|
| Matèries: | |
| Etiquetes: |
Afegir etiqueta
Sense etiquetes, Sigues el primer a etiquetar aquest registre!
|
MARC
| LEADER | 00000nam a2200000 a 4500 | ||
|---|---|---|---|
| 001 | UCP2668 | ||
| 003 | CL-VaPUC | ||
| 008 | 990520e19780000US |||||||||||||||||eng|d | ||
| 082 | 0 | 4 | |a 519.703 |b BER |2 21 |
| 100 | 0 | |a Bertsekas, Dimitri P |e author |9 429581 | |
| 700 | 0 | |a Shreve, Steven E |e author |9 429582 | |
| 245 | 1 | 0 | |a Stochastic optimal control: the discrete time case |
| 300 | |a 323 p | ||
| 942 | |c BK | ||
| 945 | |d 19990520 00:00:00 |a crobeson | ||
| 260 | |a Nueva York |b Academic Press |c 1978 | ||
| 650 | 0 | |a Programación dinámica |9 324757 | |
| 650 | 7 | |a PROCESOS ESTOICASTICOS |2 CL-VaPUC |9 429583 | |
| 650 | 0 | |a Teoría de la medición |9 426884 | |
| 650 | 7 | |a CONTROL OPCIONAL |2 CL-VaPUC |9 428893 | |
| 650 | 0 | |a Topología exponencial |9 429584 | |
| 583 | |a last modification |c 19990520 00:00:00 |k Rodrigo Vera | ||
| 490 | 0 | |a Mathematics in Science and Engineering, 139 | |
| 999 | |c 281173 |d 281171 | ||
| 952 | |0 0 |1 0 |4 0 |6 519_703000000000000_BER_1978 |7 0 |8 A |9 321847 |a BIBMAT |b BIBMAT |d 2019-11-20 |i 134577K |o 519.703 BER 1978 |p 134577K |r 2025-01-07 |w 2019-11-20 |y BK |k MAT | ||